Понятие "интеркультурная коммуникативная компетенция" при обучении немецкому языку в начальной школе; Проблемы учебно-методической и воспитательной работы в школе и в вузе; Т. 2

Bibliografiset tiedot
Parent link:Проблемы учебно-методической и воспитательной работы в школе и в вузе: материалы региональной научно-методической конференции (22-26 февраля 1999 г.; Томск)/ Российская Федерация, Министерство образования (Минобразования) ; Томский государственный педагогический университет (ТГПУ) ; науч. ред. В. К. Жуков.— , 1999
Т. 2.— 1999.— С. 60-62
Päätekijä: Тарасова Л. В. Лилия Викторовна
Yhteenveto:В фонде НТБ ТПУ отсутствует
Kieli:venäjä
Julkaistu: 1999
Aiheet:
Aineistotyyppi: MixedMaterials Kirjan osa
KOHA link:https://koha.lib.tpu.ru/cgi-bin/koha/opac-detail.pl?biblionumber=601760

MARC

LEADER 00000naa0a2200000 4500
001 601760
005 20250901165518.0
035 |a (RuTPU)RU\TPU\tpu\26814 
090 |a 601760 
100 |a 20150224d1999 k y0rusy50 ca 
101 0 |a rus 
102 |a RU 
200 1 |a Понятие "интеркультурная коммуникативная компетенция" при обучении немецкому языку в начальной школе  |f Л. В. Тарасова 
333 |a В фонде НТБ ТПУ отсутствует 
461 1 |t Проблемы учебно-методической и воспитательной работы в школе и в вузе  |o материалы региональной научно-методической конференции (22-26 февраля 1999 г.; Томск)  |f Российская Федерация, Министерство образования (Минобразования) ; Томский государственный педагогический университет (ТГПУ) ; науч. ред. В. К. Жуков  |d 1999 
463 1 |t Т. 2  |v С. 60-62  |d 1999 
610 1 |a труды учёных ТПУ 
700 1 |a Тарасова  |b Л. В.  |c лингвист  |c доцент Томского политехнического университет, кандидат педагогических наук  |f 1961-  |g Лилия Викторовна  |3 (RuTPU)RU\TPU\pers\26951 
801 1 |a RU  |b 63413507  |c 20150224 
801 2 |a RU  |b 63413507  |c 20150224  |g RCR 
942 |c BK